| 000 | 00649nam a22002652 4500 | ||
|---|---|---|---|
| 001 | 0000020141 | ||
| 003 | |||
| 005 | 20151217161503.0 | ||
| 008 | 110808s xx 000 0 eng d | ||
| 010 | _a | ||
| 020 |
_a _c$ |
||
| 040 |
_aKABU _cKABU |
||
| 100 | 1 |
_aShrubsall, Vivien, _d _@0000180244 |
|
| 245 | 1 | 0 |
_aFundamental values in employment : _b _c |
| 250 | _a ed. | ||
| 260 |
_a _b _c |
||
| 300 |
_a p. : _b _c cm. |
||
| 440 | 0 | _a | |
| 500 | _aHandout for Law class reserve [p. 325-359] | ||
| 650 | 0 |
_a _x |
|
| 690 | _a | ||
| 908 | _a110808 | ||
| 999 |
_c15324 _d15324 |
||